000 00596nam a2200181Ia 4500
008 100920s9999 xx 000 0 und d
082 _b65853
_a24 थ 86
100 _aमंगेशकर गीता.
245 _aस्वप्नझुला.
260 _bबांदेाडकर ग.तु., प्रिया प्रकाशन , मुंबई.
_c1986
300 _a186
_bसाधी
365 _b85
520 _aसायो.
630 _aस्वप्नझुला.
650 _aसायो.
730 _aस्वप्नझुला.
942 _cBOOK
999 _c708560
_d708557